Zariadenie na ochranu pred prepätím

Na minha lista:
Detalhes bibliográficos
Autor principal: Bognár, Miroslav (Author)
Outros Autores: Jurčacko, Ľudovít, 1947- (Thesis advisor)
Formato: Manuscrito Livro
Idioma:eslovaco
Publicado em: Bratislava : STU v Bratislave FEI, 2006
Assuntos:
Tags: Adicionar Tag
Sem tags, seja o primeiro a adicionar uma tag!

MARC

LEADER 00000ntm a22000003a 4500
001 stu142335
005 20160719165030.3
008 070614s2006----xo------------------slo-d
040 |a STU  |b slo 
041 0 |a slo 
044 |a xo 
100 1 |a Bognár, Miroslav  |4 aut 
245 1 |a Zariadenie na ochranu pred prepätím 
260 |a Bratislava :  |b STU v Bratislave FEI,  |c 2006 
300 |a 48 s  |c príl.1, príl.2, 19 s. 
650 7 |a Elektroenergetika  |2 stusub 
700 1 |a Jurčacko, Ľudovít,  |d 1947-  |4 ths  |u E020  |U FEI Fakulta elektrotechniky a informatiky  |T FEI Ústav elektroenergetiky a aplikovanej elektrotechniky  |X 2054  |U E020  |Y 548  |7 A000002054